000 00837nam a2200217 i 4500
001 180665
003 ES-MaACL
005 20250815111838.0
008 120619s1975 sp a |||| | spa d
080 _a543(043)
100 1 _aSpagnolo Marechal, Fernando.
_9150684
245 1 0 _aCombinaciones bisulfíticas de la fenolftaleína e hidroxifucnosas analíticas y sus aplicaciones /
_cFernando Spagnolo Marechal.
260 _aBarcelona :
_bUniversidad, Secretariado de Publicaciones, Intercambio Científico y Extensión Universitaria,
_c1975.
300 _a28 p. :
_bil. ;
_c24 cm.
502 _aTesis Univ. Barcelona (Extracto)
504 _aBibliografía : p. 27-28.
650 0 7 _aQuímica analítica
_2embne
_916630
710 2 _aUniversidad de Barcelona.
_97141
852 _aES-MaACL
_jE-15362(202)
999 _c180665
_d180665